000 00251nam a2200121Ia 4500
100 _aDEOPUJARI/U.P.
942 _cRB
245 _aMAHARASHTRA PENSION RULES
260 _bNagpur Law House
_aNagpur
300 _a311
546 _aENGLISH
999 _c30888
_d30888